[Event "detiasii2b"]
[Site "?"]
[Date "2016.07.09"]
[Round "4.5"]
[White "Tarigan, Gilbert Elroy"]
[Black "Garidmagnai, Byambasuren"]
[Result "1-0"]
[BlackElo "2185"]
[WhiteElo "1914"]
[LiveChessVersion "1.4.8"]

1. d4 {[%clk 1:30:36]} Nf6 {[%clk 1:30:44]} 2. Nf3 {[%clk 1:30:39]} g6
{[%clk 1:31:08]} 3. g3 {[%clk 1:31:01]} Bg7 {[%clk 1:31:34]} 4. Bg2
{[%clk 1:31:24]} O-O {[%clk 1:31:57]} 5. O-O {[%clk 1:31:30]} d6 {[%clk 1:32:15]}
6. c4 {[%clk 1:31:02]} Nc6 {[%clk 1:32:21]} 7. d5 {[%clk 1:30:43]} Na5
{[%clk 1:30:07]} 8. Nfd2 {[%clk 1:30:50]} e5 9. Nc3 {[%clk 1:30:50]} a6
{[%clk 1:28:45]} 10. Qc2 {[%clk 1:30:47]} Rb8 {[%clk 1:28:03]} 11. b3
{[%clk 1:29:30]} b5 {[%clk 1:28:03]} 12. Bb2 {[%clk 1:29:52]} Nd7
{[%clk 1:27:07]} 13. Rab1 {[%clk 1:25:00]} Bb7 {[%clk 1:20:58]} 14. Nd1
{[%clk 1:23:52]} Re8 {[%clk 1:18:51]} 15. f4 {[%clk 1:21:33]} f5 {[%clk 1:18:11]}
16. e4 {[%clk 1:21:33]} 1-0

[Event "detiasii2b"]
[Site "?"]
[Date "2016.07.10"]
[Round "5.1"]
[White "Nguyen, Dang Hong Phuc"]
[Black "Tran, Minh Thang"]
[Result "1/2-1/2"]
[BlackElo "2370"]
[WhiteElo "2147"]
[LiveChessVersion "1.4.8"]

1. d4 {[%clk 1:30:57]} Nf6 {[%clk 1:30:53]} 2. Nf3 {[%clk 1:31:14]} g6
{[%clk 1:31:18]} 3. g3 {[%clk 1:31:34]} Bg7 {[%clk 1:31:43]} 4. Bg2
{[%clk 1:32:03]} O-O {[%clk 1:32:03]} 5. O-O {[%clk 1:32:23]} d5 {[%clk 1:32:26]}
6. c4 {[%clk 1:32:52]} dxc4 {[%clk 1:32:51]} 7. Na3 {[%clk 1:33:21]} a5
{[%clk 1:26:49]} 8. Nxc4 {[%clk 1:31:39]} Be6 {[%clk 1:27:06]} 9. b3
{[%clk 1:28:52]} Bd5 {[%clk 1:27:26]} 10. a4 {[%clk 1:28:17]} c6 {[%clk 1:11:45]}
11. Bb2 {[%clk 1:23:52]} b5 {[%clk 1:06:11]} 12. Ne3 {[%clk 1:21:42]} Be4
{[%clk 1:05:46]} 13. Ne5 {[%clk 1:20:14]} Bxg2 {[%clk 1:06:02]} 14. Nxg2
{[%clk 1:20:21]} Nfd7 {[%clk 1:04:28]} 15. Qc2 {[%clk 0:53:23]} Qb6
{[%clk 0:56:15]} 16. Nf4 {[%clk 0:51:23]} Nxe5 {[%clk 0:49:08]} 17. dxe5
{[%clk 0:51:52]} Na6 {[%clk 0:49:00]} 18. Rfc1 {[%clk 0:51:03]} Nb4
{[%clk 0:46:30]} 19. Qc5 {[%clk 0:51:17]} Qxc5 {[%clk 0:46:15]} 20. Rxc5
{[%clk 0:51:45]} Rfb8 {[%clk 0:46:05]} 21. Bc3 {[%clk 0:49:33]} e6
{[%clk 0:40:45]} 22. axb5 {[%clk 0:39:18]} cxb5 {[%clk 0:40:57]} 23. Bxb4
{[%clk 0:37:49]} axb4 {[%clk 0:41:26]} 24. Rxa8 {[%clk 0:38:17]} Rxa8
{[%clk 0:41:45]} 25. Rxb5 {[%clk 0:38:34]} Bf8 {[%clk 0:42:10]} 26. Nd3
{[%clk 0:35:56]} Ra3 {[%clk 0:42:39]} 27. Rb8 {[%clk 0:36:25]} Rxb3
{[%clk 0:41:44]} 28. Nc5 {[%clk 0:36:55]} Rb1+ {[%clk 0:42:13]} 29. Kg2
{[%clk 0:37:24]} Kg7 {[%clk 0:42:43]} 30. Ne4 {[%clk 0:32:05]} 1/2-1/2

[Event "detiasii2b"]
[Site "?"]
[Date "2016.07.10"]
[Round "5.2"]
[White "Sezdbekov, Ruslan"]
[Black "Tarigan, Gilbert Elroy"]
[Result "1-0"]
[BlackElo "1914"]
[WhiteElo "2043"]
[LiveChessVersion "1.4.8"]

1. e4 {[%clk 1:30:57]} c6 {[%clk 1:30:53]} 2. d4 {[%clk 1:31:18]} d5
{[%clk 1:31:09]} 3. e5 {[%clk 1:31:40]} Bf5 {[%clk 1:31:03]} 4. Nc3
{[%clk 1:32:03]} e6 {[%clk 1:26:15]} 5. g4 {[%clk 1:32:26]} Bg6 {[%clk 1:26:38]}
6. Nge2 {[%clk 1:32:44]} Ne7 {[%clk 1:24:01]} 7. Nf4 {[%clk 1:28:25]} c5
{[%clk 1:21:40]} 8. h4 {[%clk 1:21:27]} cxd4 {[%clk 1:19:53]} 9. Nb5
{[%clk 1:21:29]} Nec6 {[%clk 1:19:09]} 10. h5 {[%clk 1:21:33]} Be4
{[%clk 1:19:08]} 11. f3 {[%clk 1:21:46]} a6 {[%clk 1:18:53]} 12. Nd6+
{[%clk 1:20:32]} Bxd6 {[%clk 1:19:10]} 13. exd6 {[%clk 1:20:50]} Qxd6
{[%clk 1:18:20]} 14. fxe4 {[%clk 1:20:27]} dxe4 {[%clk 1:18:24]} 15. Bg2
{[%clk 1:18:02]} f5 {[%clk 1:13:07]} 16. O-O {[%clk 1:14:59]} O-O
{[%clk 1:01:23]} 17. c3 {[%clk 1:07:07]} Nd7 {[%clk 0:30:17]} 18. gxf5
{[%clk 0:48:22]} exf5 {[%clk 0:28:07]} 19. Qb3+ {[%clk 0:47:34]} Kh8
{[%clk 0:27:22]} 20. cxd4 {[%clk 0:47:19]} Nxd4 {[%clk 0:25:32]} 21. Qh3
{[%clk 0:46:09]} Nf6 {[%clk 0:01:37]} 22. Be3 {[%clk 0:44:48]} Rfd8
{[%clk 0:00:44]} 23. Rad1 {[%clk 0:41:58]} Qe5 {[%clk 0:00:34]} 24. Qg3
{[%clk 0:40:53]} Nc6 {[%clk 0:00:45]} 25. Bh3 {[%clk 0:40:27]} Rxd1
{[%clk 0:01:03]} 26. Rxd1 {[%clk 0:40:53]} Re8 {[%clk 0:00:44]} 27. Rd2
{[%clk 0:40:39]} Kg8 {[%clk 0:00:36]} 28. Rg2 {[%clk 0:40:24]} Re7
{[%clk 0:01:01]} 29. Qg5 {[%clk 0:40:27]} Nd4 {[%clk 0:00:47]} 30. Bxd4
{[%clk 0:40:21]} Qxd4+ {[%clk 0:01:13]} 31. Kh1 {[%clk 0:40:19]} e3
{[%clk 0:00:57]} 32. Bxf5 {[%clk 0:39:31]} Qe5 {[%clk 0:00:34]} 33. Be6+
{[%clk 0:39:48]} 1-0

[Event "detiasii2b"]
[Site "?"]
[Date "2016.07.10"]
[Round "5.3"]
[White "Miciano, John Marvin"]
[Black "Sin, Denis"]
[Result "0-1"]
[BlackElo "2214"]
[WhiteElo "2251"]
[LiveChessVersion "1.4.8"]

1. e4 {[%clk 1:30:20]} c5 {[%clk 1:30:47]} 2. Nf3 {[%clk 1:30:24]} d6
{[%clk 1:31:10]} 3. d4 {[%clk 1:20:02]} cxd4 {[%clk 1:31:33]} 4. Nxd4
{[%clk 1:20:21]} Nf6 {[%clk 1:31:56]} 5. Nc3 {[%clk 1:20:46]} g6 {[%clk 1:32:19]}
6. g3 {[%clk 1:14:18]} Bg7 {[%clk 1:32:35]} 7. Bg2 {[%clk 1:14:41]} O-O
{[%clk 1:32:57]} 8. O-O {[%clk 1:14:59]} Nc6 {[%clk 1:33:15]} 9. Nde2
{[%clk 1:13:39]} Be6 {[%clk 1:31:02]} 10. h3 {[%clk 1:12:46]} Rc8
{[%clk 1:28:19]} 11. Re1 {[%clk 1:12:29]} a6 {[%clk 1:18:05]} 12. Nd5
{[%clk 1:09:39]} b5 {[%clk 1:13:34]} 13. c3 {[%clk 1:09:28]} Ne5 {[%clk 1:05:10]}
14. Nd4 {[%clk 1:05:38]} Nc4 {[%clk 0:59:19]} 15. Kh2 {[%clk 0:55:59]} Bd7
{[%clk 0:55:11]} 16. b3 {[%clk 0:52:20]} Nb6 {[%clk 0:55:06]} 17. Bb2
{[%clk 0:50:44]} e5 {[%clk 0:51:45]} 18. Nxb6 {[%clk 0:50:49]} Qxb6
{[%clk 0:52:00]} 19. Nc2 {[%clk 0:51:04]} Qxf2 {[%clk 0:46:07]} 20. Qd3
{[%clk 0:46:19]} d5 {[%clk 0:36:31]} 21. exd5 {[%clk 0:44:02]} e4
{[%clk 0:35:56]} 22. Qe2 {[%clk 0:44:14]} Qxe2 {[%clk 0:35:55]} 23. Rxe2
{[%clk 0:44:39]} Nxd5 {[%clk 0:36:13]} 24. Rd1 {[%clk 0:40:18]} Be6
{[%clk 0:35:11]} 25. Bxe4 {[%clk 0:36:50]} Nxc3 {[%clk 0:33:16]} 26. Bxc3
{[%clk 0:37:15]} Bxc3 {[%clk 0:33:01]} 27. Bb7 {[%clk 0:36:09]} Rb8
{[%clk 0:32:20]} 28. Bd5 {[%clk 0:36:29]} Bxd5 {[%clk 0:28:25]} 29. Rxd5
{[%clk 0:36:44]} Rbd8 {[%clk 0:27:09]} 30. Rc5 {[%clk 0:36:34]} Rc8
{[%clk 0:27:16]} 31. Rd5 {[%clk 0:36:46]} Rfe8 {[%clk 0:25:35]} 32. Ne3
{[%clk 0:36:22]} Bb4 {[%clk 0:23:47]} 33. Kg2 {[%clk 0:34:32]} Rc3
{[%clk 0:23:11]} 34. Kf3 {[%clk 0:33:33]} Bc5 {[%clk 0:23:23]} 0-1

[Event "detiasii2b"]
[Site "?"]
[Date "2016.07.10"]
[Round "5.4"]
[White "Kalabukhov, Bogdan"]
[Black "Ergeshov, Timur"]
[Result "1/2-1/2"]
[BlackElo "2257"]
[WhiteElo "2133"]
[LiveChessVersion "1.4.8"]

1. d4 {[%clk 1:25:34]} Nf6 {[%clk 1:30:39]} 2. c4 {[%clk 1:26:00]} e6
{[%clk 1:30:21]} 3. g3 {[%clk 1:26:26]} Bb4+ {[%clk 1:30:11]} 4. Bd2
{[%clk 1:26:50]} Be7 {[%clk 1:30:12]} 5. Bg2 {[%clk 1:26:59]} O-O
{[%clk 1:29:14]} 6. Nf3 {[%clk 1:26:49]} d5 {[%clk 1:28:05]} 7. O-O
{[%clk 1:27:13]} c6 {[%clk 1:28:26]} 8. Qc2 {[%clk 1:27:35]} Nbd7
{[%clk 1:28:33]} 9. Bf4 {[%clk 1:21:08]} b6 {[%clk 1:28:29]} 10. Rd1
{[%clk 1:21:13]} Ba6 {[%clk 1:27:55]} 11. Ne5 {[%clk 1:16:27]} Rc8
{[%clk 0:30:56]} 12. cxd5 {[%clk 1:10:55]} cxd5 {[%clk 0:31:23]} 13. Nc6
{[%clk 1:10:10]} Bb5 {[%clk 0:31:30]} 14. Nxe7+ {[%clk 1:08:43]} Qxe7
{[%clk 0:31:56]} 15. Nc3 {[%clk 1:08:57]} Nh5 {[%clk 0:25:49]} 16. Be3
{[%clk 1:01:22]} f5 {[%clk 0:24:34]} 17. Qd2 {[%clk 0:59:40]} Bc6
{[%clk 0:24:44]} 18. Rac1 {[%clk 0:54:06]} b5 {[%clk 0:24:31]} 19. Bg5
{[%clk 0:35:05]} Nhf6 {[%clk 0:24:34]} 20. Rc2 {[%clk 0:23:12]} Nb6
{[%clk 0:16:11]} 21. b3 {[%clk 0:22:20]} h6 {[%clk 0:09:56]} 22. Bxf6
{[%clk 0:17:04]} Qxf6 {[%clk 0:10:06]} 23. Rdc1 {[%clk 0:16:28]} Bd7
{[%clk 0:07:56]} 24. e3 {[%clk 0:12:57]} Qe7 {[%clk 0:05:43]} 25. Ne2
{[%clk 0:11:32]} Rxc2 {[%clk 0:04:51]} 26. Rxc2 {[%clk 0:11:52]} Rc8
{[%clk 0:05:17]} 27. Nf4 {[%clk 0:11:06]} Qd6 {[%clk 0:04:43]} 28. Nd3
{[%clk 0:10:38]} Rxc2 {[%clk 0:04:45]} 29. Qxc2 {[%clk 0:11:00]} Qc6
{[%clk 0:05:03]} 30. Qd2 {[%clk 0:04:47]} Bc8 {[%clk 0:05:00]} 31. Bf1
{[%clk 0:04:22]} Nd7 {[%clk 0:04:49]} 32. Nb4 {[%clk 0:04:12]} Qb6
{[%clk 0:04:36]} 33. Qc3 {[%clk 0:03:23]} Bb7 {[%clk 0:05:05]} 34. Nd3
{[%clk 0:03:09]} a6 {[%clk 0:04:52]} 35. Qb4 {[%clk 0:02:47]} Kf7
{[%clk 0:05:21]} 36. Be2 {[%clk 0:02:51]} a5 {[%clk 0:04:07]} 37. Qd2
{[%clk 0:01:56]} b4 {[%clk 0:04:25]} 38. Qc2 {[%clk 0:01:44]} Qc6
{[%clk 0:04:13]} 39. Qxc6 {[%clk 0:01:48]} Bxc6 {[%clk 0:04:42]} 40. Nb2
{[%clk 0:01:58]} Ke7 {[%clk 0:04:26]} 41. Kf1 {[%clk 0:02:16]} Kd6
{[%clk 0:03:45]} 42. Ke1 {[%clk 0:02:17]} g5 {[%clk 0:03:37]} 43. Kd2
{[%clk 0:01:53]} Nf6 {[%clk 0:03:15]} 44. Bf3 {[%clk 0:01:15]} Bb5
{[%clk 0:03:44]} 45. Nd3 {[%clk 0:01:04]} Bxd3 {[%clk 0:04:03]} 46. Kxd3
{[%clk 0:01:31]} Ne8 {[%clk 0:03:08]} 47. Kc2 {[%clk 0:01:14]} Nc7
{[%clk 0:03:06]} 48. Be2 {[%clk 0:01:43]} g4 {[%clk 0:02:35]} 49. Bf1
{[%clk 0:00:55]} h5 {[%clk 0:03:00]} 50. h4 {[%clk 0:01:15]} gxh3
{[%clk 0:02:18]} 51. Bxh3 {[%clk 0:01:41]} Nb5 {[%clk 0:02:46]} 52. Bg2
{[%clk 0:01:46]} Nc3 {[%clk 0:01:58]} 53. a3 {[%clk 0:01:45]} Ke7
{[%clk 0:01:52]} 54. axb4 {[%clk 0:02:03]} axb4 {[%clk 0:02:21]} 55. Bf3
{[%clk 0:01:16]} Kf6 {[%clk 0:02:20]} 56. Bxh5 {[%clk 0:01:39]} Ne4
{[%clk 0:02:49]} 57. f4 {[%clk 0:01:55]} Nxg3 {[%clk 0:03:13]} 58. Bf3
{[%clk 0:02:06]} Ne4 {[%clk 0:03:03]} 59. Kd3 {[%clk 0:02:01]} Nd6
{[%clk 0:03:06]} 60. Ke2 {[%clk 0:02:08]} Kg6 {[%clk 0:03:28]} 61. Kf2
{[%clk 0:02:26]} Kh6 {[%clk 0:02:13]} 62. Kg3 {[%clk 0:02:09]} Nb7
{[%clk 0:02:35]} 63. Bd1 {[%clk 0:02:12]} Na5 {[%clk 0:02:55]} 64. Kf2
{[%clk 0:02:15]} Nb7 {[%clk 0:02:13]} 65. Be2 {[%clk 0:02:16]} Nd6
{[%clk 0:02:40]} 66. Bd3 {[%clk 0:02:21]} Ne8 {[%clk 0:02:39]} 67. Bb5
{[%clk 0:01:34]} Nf6 {[%clk 0:03:02]} 68. Be2 {[%clk 0:01:18]} Ng4+
{[%clk 0:02:49]} 69. Kf3 {[%clk 0:01:42]} Kg6 {[%clk 0:01:44]} 70. Bd3
{[%clk 0:01:12]} Kh5 {[%clk 0:01:36]} 71. Ba6 {[%clk 0:01:17]} Kg6
{[%clk 0:01:12]} 72. Bc8 {[%clk 0:01:27]} Kf7 {[%clk 0:01:19]} 73. Ba6
{[%clk 0:01:48]} Nf6 {[%clk 0:01:43]} 74. Bd3 {[%clk 0:02:10]} Ne8
{[%clk 0:01:25]} 75. Bb5 {[%clk 0:02:09]} Nd6 {[%clk 0:01:05]} 76. Bd3
{[%clk 0:02:35]} Kf6 {[%clk 0:00:47]} 77. Ke4 Ke5+ 1/2-1/2

[Event "detiasii2b"]
[Site "?"]
[Date "2016.07.10"]
[Round "5.5"]
[White "Sylyev, Nedir"]
[Black "Kaluarachchi, Achinthya Shamen"]
[Result "1-0"]
[BlackElo "1876"]
[WhiteElo "1855"]
[LiveChessVersion "1.4.8"]

1. e4 {[%clk 1:30:57]} e6 {[%clk 1:30:51]} 2. d4 {[%clk 1:31:22]} d5
{[%clk 1:31:15]} 3. exd5 {[%clk 1:31:47]} exd5 {[%clk 1:31:40]} 4. Bd3
{[%clk 1:32:12]} Nf6 {[%clk 1:32:02]} 5. Nc3 {[%clk 1:32:13]} Be7
{[%clk 1:27:28]} 6. Nge2 {[%clk 1:31:48]} O-O {[%clk 1:27:14]} 7. Bg5
{[%clk 1:30:50]} c6 {[%clk 1:26:52]} 8. Qd2 {[%clk 1:28:57]} Ne4 {[%clk 1:21:21]}
9. Bxe7 {[%clk 1:26:12]} Qxe7 {[%clk 1:21:40]} 10. Bxe4 {[%clk 1:22:30]} dxe4
{[%clk 1:22:07]} 11. O-O-O {[%clk 1:19:53]} Nd7 {[%clk 1:06:11]} 12. Qe3
{[%clk 1:01:06]} f5 {[%clk 1:04:29]} 13. d5 {[%clk 0:53:25]} Ne5 {[%clk 0:59:11]}
14. dxc6 {[%clk 0:52:35]} bxc6 {[%clk 0:58:35]} 15. Nd4 {[%clk 0:35:18]} Nc4
{[%clk 0:55:57]} 16. Qe2 {[%clk 0:35:17]} Qb4 {[%clk 0:56:08]} 17. Nb3
{[%clk 0:35:05]} Be6 {[%clk 0:48:32]} 18. Rd4 {[%clk 0:30:56]} Kh8
{[%clk 0:39:46]} 19. Rf1 {[%clk 0:24:26]} Rad8 {[%clk 0:34:15]} 20. a3
{[%clk 0:23:46]} Qb8 {[%clk 0:34:36]} 21. Rxc4 {[%clk 0:21:57]} Bxc4
{[%clk 0:35:02]} 22. Qxc4 {[%clk 0:22:26]} Qxh2 {[%clk 0:35:12]} 23. g3
{[%clk 0:21:13]} Qh6+ {[%clk 0:28:04]} 24. Kb1 {[%clk 0:21:32]} Qf6
{[%clk 0:22:28]} 25. Rh1 {[%clk 0:16:17]} Rd6 {[%clk 0:10:09]} 26. Ne2
{[%clk 0:14:58]} Rb8 {[%clk 0:03:08]} 27. Nf4 {[%clk 0:13:46]} g6
{[%clk 0:02:59]} 28. Qc5 {[%clk 0:12:14]} Rb7 {[%clk 0:00:47]} 29. Rh6
{[%clk 0:11:49]} Kg8 {[%clk 0:00:55]} 30. Qc4+ {[%clk 0:11:11]} Qf7
{[%clk 0:01:24]} 31. Qc5 {[%clk 0:11:19]} Qf6 {[%clk 0:01:29]} 32. Rh1
{[%clk 0:09:37]} Qe7 {[%clk 0:01:33]} 33. Nd4 {[%clk 0:09:06]} Qf6
{[%clk 0:00:36]} 34. c3 {[%clk 0:09:26]} Re7 {[%clk 0:00:50]} 35. Re1
{[%clk 0:08:42]} Kg7 {[%clk 0:00:34]} 36. Nh5+ {[%clk 0:08:49]} gxh5
{[%clk 0:00:49]} 37. Qxd6 {[%clk 0:09:06]} Qxd6 {[%clk 0:01:11]} 38. Nxf5+
{[%clk 0:09:35]} 1-0

[Event "detiasii2b"]
[Site "?"]
[Date "2016.07.10"]
[Round "5.6"]
[White "Garidmagnai, Byambasuren"]
[Black "Bold, Khosbayar"]
[Result "1-0"]
[BlackElo "1768"]
[WhiteElo "2185"]
[LiveChessVersion "1.4.8"]

1. d4 {[%clk 1:30:57]} Nf6 {[%clk 1:30:53]} 2. c4 {[%clk 1:31:21]} e6
{[%clk 1:31:17]} 3. Nc3 {[%clk 1:31:45]} Bb4 {[%clk 1:31:22]} 4. a3
{[%clk 1:32:10]} Bxc3+ {[%clk 1:31:45]} 5. bxc3 {[%clk 1:32:37]} c5
{[%clk 1:31:59]} 6. e3 {[%clk 1:33:01]} b6 {[%clk 1:32:03]} 7. Bd3
{[%clk 1:31:56]} Bb7 {[%clk 1:32:20]} 8. f3 {[%clk 1:31:47]} d5 {[%clk 1:32:13]}
9. Ne2 {[%clk 1:31:43]} Nbd7 {[%clk 1:30:56]} 10. O-O {[%clk 1:31:40]} O-O
{[%clk 1:30:57]} 11. cxd5 {[%clk 1:30:06]} Nxd5 {[%clk 1:30:18]} 12. e4
{[%clk 1:30:08]} Ne7 {[%clk 1:29:56]} 13. Bg5 {[%clk 1:29:48]} Re8
{[%clk 1:27:16]} 14. f4 {[%clk 1:26:18]} Qc7 {[%clk 1:25:17]} 15. Bxe7
{[%clk 1:24:47]} Rxe7 {[%clk 1:25:23]} 16. e5 {[%clk 1:24:59]} Rd8
{[%clk 1:23:20]} 17. Ra2 {[%clk 1:19:57]} Nf8 {[%clk 1:18:46]} 18. Rd2
{[%clk 1:19:04]} Red7 {[%clk 1:16:25]} 19. Rf2 {[%clk 1:15:23]} a5
{[%clk 1:13:24]} 20. f5 {[%clk 1:12:00]} c4 {[%clk 1:07:30]} 21. Bb1
{[%clk 1:12:02]} b5 {[%clk 1:07:24]} 22. f6 {[%clk 1:08:48]} Qxe5
{[%clk 1:00:41]} 23. fxg7 {[%clk 1:03:36]} Qxg7 {[%clk 1:00:40]} 24. Rb2
{[%clk 1:03:27]} Bc6 {[%clk 1:00:14]} 25. Ng3 {[%clk 1:03:37]} f5
{[%clk 0:56:20]} 26. Qe1 {[%clk 1:03:22]} Rf7 {[%clk 0:55:24]} 27. Rbe2
{[%clk 1:02:29]} Kh8 {[%clk 0:53:02]} 28. Nh5 {[%clk 1:01:21]} Qg5
{[%clk 0:49:13]} 29. Nf4 {[%clk 1:01:36]} Rf6 {[%clk 0:45:07]} 30. Re3
{[%clk 0:54:07]} Rh6 {[%clk 0:42:16]} 31. Rg3 {[%clk 0:46:50]} Qf6
{[%clk 0:42:29]} 32. Qe2 {[%clk 0:47:03]} Be8 {[%clk 0:41:07]} 33. a4
{[%clk 0:45:00]} bxa4 {[%clk 0:40:20]} 34. Qxc4 {[%clk 0:44:44]} Rb8
{[%clk 0:38:57]} 35. Bxf5 {[%clk 0:37:57]} Qxf5 {[%clk 0:34:24]} 36. Ng6+
{[%clk 0:38:14]} Rxg6 {[%clk 0:34:28]} 37. Rxf5 {[%clk 0:38:36]} exf5
{[%clk 0:32:53]} 38. Rxg6 {[%clk 0:34:13]} hxg6 {[%clk 0:33:09]} 39. Qc5
{[%clk 0:34:26]} Kg8 {[%clk 0:31:05]} 40. Qd5+ {[%clk 0:31:39]} Bf7
{[%clk 0:30:12]} 41. Qxa5 {[%clk 0:31:54]} Rb1+ {[%clk 0:30:06]} 42. Kf2
{[%clk 0:32:10]} Ra1 {[%clk 0:29:32]} 43. d5 {[%clk 0:27:17]} a3 {[%clk 0:28:50]}
44. c4 {[%clk 0:27:27]} Rc1 {[%clk 0:25:34]} 45. Qxa3 {[%clk 0:25:41]} Rxc4
{[%clk 0:25:58]} 46. Qd3 {[%clk 0:25:12]} Rc5 {[%clk 0:25:50]} 47. d6
{[%clk 0:25:38]} Rd5 {[%clk 0:26:10]} 48. Qa6 {[%clk 0:26:03]} Be6
{[%clk 0:25:26]} 49. Ke3 {[%clk 0:25:50]} Kf7 {[%clk 0:25:07]} 50. h3
{[%clk 0:25:07]} Nd7 {[%clk 0:25:19]} 51. Qc6 {[%clk 0:24:50]} Kf6
{[%clk 0:25:21]} 52. Qc7 {[%clk 0:24:51]} Ke5 {[%clk 0:24:38]} 53. g3
{[%clk 0:21:12]} Rc5 {[%clk 0:24:35]} 54. Qd8 {[%clk 0:19:15]} Kxd6
{[%clk 0:24:47]} 55. Qg5 {[%clk 0:18:17]} Bf7 {[%clk 0:24:30]} 56. Qd8
{[%clk 0:17:54]} Ke6 {[%clk 0:23:57]} 57. Kf4 {[%clk 0:15:11]} Ne5
{[%clk 0:23:18]} 58. Kg5 {[%clk 0:14:43]} Rc3 {[%clk 0:21:14]} 59. Qb6+
{[%clk 0:13:28]} Kd5 {[%clk 0:21:02]} 60. Qb7+ {[%clk 0:13:14]} Kd4
{[%clk 0:21:10]} 61. Kf6 {[%clk 0:13:09]} Bd5 {[%clk 0:19:03]} 62. Qb6+
{[%clk 0:12:19]} Ke4 {[%clk 0:18:54]} 63. Qb4+ {[%clk 0:12:36]} Rc4
{[%clk 0:15:35]} 64. Qe1+ {[%clk 0:12:42]} Kf3 {[%clk 0:16:00]} 65. Qxe5
{[%clk 0:12:47]} Rc6+ {[%clk 0:16:25]} 66. Kg5 {[%clk 0:13:10]} Be4
{[%clk 0:16:47]} 67. g4 {[%clk 0:12:39]} Kg2 {[%clk 0:16:34]} 68. h4
{[%clk 0:12:56]} Rc8 {[%clk 0:16:06]} 69. h5 {[%clk 0:12:32]} gxh5
{[%clk 0:16:26]} 70. gxf5 {[%clk 0:12:40]} Bf3 {[%clk 0:16:40]} 71. f6
{[%clk 0:12:50]} h4 {[%clk 0:16:50]} 72. f7 {[%clk 0:11:59]} h3 {[%clk 0:17:04]}
73. Qb2+ {[%clk 0:09:52]} Kg1 {[%clk 0:16:54]} 74. Kf4 {[%clk 0:09:05]} h2
{[%clk 0:11:45]} 75. Kg3 {[%clk 0:09:17]} Be2 {[%clk 0:11:26]} 76. Qa1+
{[%clk 0:08:35]} Bf1 {[%clk 0:11:45]} 77. Qd4+ {[%clk 0:08:59]} Kh1
{[%clk 0:12:01]} 78. Qe4+ {[%clk 0:09:19]} Kg1 {[%clk 0:12:20]} 79. Qe3+
{[%clk 0:09:43]} Kh1 {[%clk 0:12:44]} 80. Qf3+ {[%clk 0:10:10]} Kg1
{[%clk 0:13:06]} 81. Qf2+ {[%clk 0:10:36]} Kh1 {[%clk 0:13:30]} 82. Qxf1#
{[%clk 0:11:02]} Rd8 1-0

[Event "Children of Asia"]
[Site "?"]
[Date "2016.07.10"]
[Round "5"]
[White "Mohammad Fahad, Rahman"]
[Black "Mohamed, Noor Rilwan"]
[Result "1-0"]
[WhiteElo "2156"]
[BlackElo "1252"]
[PlyCount "85"]
[SourceDate "2016.07.10"]

1. c4 Nf6 2. Nc3 c5 3. e4 d6 4. Nf3 Nc6 5. d4 cxd4 6. Nxd4 g6 7. Be2 Bg7 8. Be3
O-O 9. O-O Qc7 10. Rc1 a6 11. a3 Bd7 12. Nd5 Qd8 13. Nxc6 Bxc6 14. Bb6 Qd7 15.
Bf3 Nxe4 16. Bxe4 Bxb2 17. Rb1 Bxa3 18. Qb3 Bxd5 19. Bxd5 Bc5 20. Bxc5 dxc5 21.
Qxb7 Ra7 22. Qxd7 Rxd7 23. Rb6 Ra7 24. Ra1 a5 25. g3 Rc8 26. Rb7 Rxb7 27. Bxb7
Rb8 28. Bc6 Rb6 29. Bb5 Kg7 30. Rxa5 Kf6 31. Ra7 Ke6 32. Kg2 h5 33. Kf3 f6 34.
Ke4 h4 35. gxh4 Rb8 36. Rc7 Rh8 37. Rc6+ Kf7 38. Rxc5 Rxh4+ 39. Ke3 Rxh2 40.
Rd5 Rh1 41. c5 Rh5 42. Rxh5 gxh5 43. c6 1-0

[Event "Children of Asia"]
[Site "?"]
[Date "2016.07.10"]
[Round "5"]
[White "Sezdbekov, Arzybek"]
[Black "Zakharov, Nikolay"]
[Result "0-1"]
[WhiteElo "1890"]
[BlackElo "2026"]
[PlyCount "70"]

1. e4 c5 2. d4 cxd4 3. c3 dxc3 4. Nxc3 Nc6 5. Nf3 e6 6. Bc4 a6 7. a4 d6 8. O-O
Nf6 9. Qe2 Be7 10. Rd1 e5 11. h3 O-O 12. Bg5 h6 13. Bxf6 Bxf6 14. Nd5 Be6 15.
Ne3 Qe7 16. g4 g6 17. Nd5 Bxd5 18. exd5 Nb8 19. Nd2 Nd7 20. Ra3 Kh7 21. Bd3 Bh4
22. f3 f5 23. Rc1 Nb6 24. Bc4 Rac8 25. Rcc3 Bg5 26. Nf1 e4 27. Ba2 Rxc3 28.
Rxc3 Nxa4 29. Rc4 Nc5 30. fxe4 b5 31. Rb4 fxe4 32. Bb1 Qe5 33. Bc2 e3 34. h4
Rf2 35. Qe1 Bxh4 0-1

[Event "Children of Asia"]
[Site "?"]
[Date "2016.07.10"]
[Round "5"]
[White "Arfan, Aditya Bagus"]
[Black "Gasimov, Parviz"]
[Result "1/2-1/2"]
[WhiteElo "1398"]
[BlackElo "2358"]
[PlyCount "85"]

1. d4 Nf6 2. Nf3 d5 3. c4 e6 4. g3 Be7 5. Bg2 O-O 6. O-O c6 7. Qc2 Nbd7 8. Nc3
dxc4 9. a4 Nd5 10. Nd2 Nb4 11. Qd1 e5 12. e3 exd4 13. exd4 Nf6 14. Nxc4 Bg4 15.
f3 Be6 16. Ne5 Qa5 17. Be3 c5 18. Qe2 cxd4 19. Bxd4 Rad8 20. Bf2 Rfe8 21. Qb5
Qxb5 22. Nxb5 Nfd5 23. f4 f6 24. Nc4 Nxf4 25. gxf4 Bxc4 26. Nc7 Bxf1 27. Bxf1
Rf8 28. Ne6 Nd3 29. Bxa7 Rd6 30. Nxf8 Kxf8 31. Be3 Re6 32. Bxd3 Rxe3 33. Bxh7
Bc5 34. Kg2 Re2+ 35. Kg3 Rxb2 36. Rb1 Ra2 37. Rxb7 Rxa4 38. Bg6 Bd6 39. Rf7+
Kg8 40. Rd7 Bxf4+ 41. Kf3 Kf8 42. Rf7+ Kg8 43. Rd7 1/2-1/2

[Event "Children of Asia"]
[Site "?"]
[Date "2016.07.10"]
[Round "5"]
[White "Dubinin, Alexsandr"]
[Black "Bezotechestvo, Konstantin"]
[Result "1/2-1/2"]
[WhiteElo "2121"]
[BlackElo "2117"]
[PlyCount "77"]

1. e4 e5 2. Nf3 Nc6 3. Nc3 Nf6 4. Bb5 Bb4 5. O-O O-O 6. d3 d6 7. Ne2 Ne7 8. c3
Ba5 9. Ng3 c6 10. Ba4 Ng6 11. d4 Re8 12. Bc2 Bb6 13. h3 Qc7 14. Re1 Nd7 15. Be3
Ndf8 16. Qd2 Be6 17. Rad1 Rad8 18. Nh5 f6 19. Nh2 Qf7 20. Ng4 Bxg4 21. hxg4 Ne6
22. Bb3 exd4 23. Bxd4 Bxd4 24. cxd4 d5 25. exd5 cxd5 26. f4 Ngf8 27. f5 Ng5 28.
Nf4 Rxe1+ 29. Rxe1 Kh8 30. Qa5 b6 31. Qb4 Qc7 32. Nh5 g6 33. Re7 Qc1+ 34. Re1
Qc7 35. fxg6 hxg6 36. Re7 Qc1+ 37. Re1 Qc7 38. Re7 Qc1+ 39. Re1 1/2-1/2

[Event "Children of Asia"]
[Site "?"]
[Date "2016.07.10"]
[Round "5"]
[White "Koniahli, Malek"]
[Black "Mestnikov, Aital"]
[Result "1/2-1/2"]
[WhiteElo "1958"]
[BlackElo "2125"]
[PlyCount "80"]

1. d4 Nf6 2. Nf3 c5 3. e3 e6 4. Bd3 d5 5. c3 Nc6 6. O-O Be7 7. Nbd2 O-O 8. Qe2
Re8 9. Rd1 cxd4 10. exd4 Bd6 11. Ne5 g6 12. Ndf3 Nd7 13. Nxd7 Bxd7 14. Ne5 f6
15. Nxd7 Qxd7 16. Qg4 Qf7 17. f4 f5 18. Qe2 a6 19. Be3 Qc7 20. g3 Na5 21. b4
Nc4 22. Bxc4 dxc4 23. a4 Qc6 24. Bf2 Qd5 25. Rdb1 b5 26. Ra2 Kf7 27. Rba1 h6
28. Be1 Rab8 29. Qg2 g5 30. axb5 axb5 31. Ra7+ Re7 32. Qxd5 exd5 33. Rxe7+ Bxe7
34. Ra6 gxf4 35. Rxh6 fxg3 36. Bxg3 Rg8 37. Kf1 Rg6 38. Rh7+ Rg7 39. Rh8 Rg8
40. Rxg8 Kxg8 1/2-1/2